00286nam a2200109Ia 4500008004100000082001600041100001600057245003500073260004500108300000800153650001500161191201s2000 xx 000 0 und d a677.38bPRT aPRAYAG, R S 0aTechnology of Textile Printing aN.DelhibMahajan Book Distributorsc2000 a250 aB.Tech(TE)